Fußball 1 gegen 1 #5 (Robben:Ribery) - Statistiken

Allgemein
  • Dieses Quiz wurde 154 mal gespielt
  • Das Durchschnittsergebnis liegt bei 10 aus 15
Antwortstatistiken
Frage Antwort % Korrekt
Wer von beiden hat mehr Länderspiel-Tore? Robben
88%
Wer von beiden hat mehr individuelle Auszeichnungen? Ribery
86%
Wer von beiden hat mehr Spiele für einen Verein? Ribery
84%
Wer von beiden hat mehr Nationalmannschafts-Spiele? Robben
84%
Wer von beiden hat mehr Tore? (Nur auf Vereinsebene) Robben
79%
Wer von beiden beendete seine Karriere jünger? Robben
79%
Wer von beiden erzielte am meisten Ablöse? Robben
77%
Wer von beiden hat mehr Vorlagen? (Nur auf Vereinsebene) Ribery
73%
Wer von beiden bestritt mehr Spiele? (Nur auf Vereinsebene) Ribery
71%
Wer von beiden gab jünger sein Profi-Debut? Robben
59%
Wer von beiden erzielte jünger sein Debut-Tor? Robben
59%
Wer von beiden hat einen höheren Torrekord in einem Spiel? (Nur auf Vereinsebene) Robben
57%
Wer von beiden hat mehr Vereins-Titel? Robben
36%
Wer von beiden siegte öfter im direkten Vergleich gegen den Anderen? Robben
30%
Wer von beiden hatte jemals eine höhere Trikotnummer? (Nur auf Vereinsebene) Ribery
23%
Keine übereinstimmenden Quizze gefunden
Verteilung der Resultate
Anzahl Personen mit jedem Resultat
Perzentil nach korrekt beantworteten Fragen
Ihre Resultats-Entwicklung
Sie haben dieses Quiz noch nicht gespielt